Logo Biblioteca

Las hijas del Capitán / (Registro nro. 275)

Detalles MARC
000 -LEADER
fixed length control field 01747nam a22002297a 4500
003 - CONTROL NUMBER IDENTIFIER
control field AR-RoUNCS
005 - DATE AND TIME OF LATEST TRANSACTION
control field 20260212125623.0
008 - FIXED-LENGTH DATA ELEMENTS--GENERAL INFORMATION
fixed length control field 240731s2018 ag ||||| |||| 00| 0 spa d
020 ## - INTERNATIONAL STANDARD BOOK NUMBER
International Standard Book Number 978-950-49-6269-4
040 ## - CATALOGING SOURCE
Transcribing agency AR-RoUNCS
Original cataloging agency AR-RoUNCS
080 ## - UNIVERSAL DECIMAL CLASSIFICATION NUMBER
Authority record control number or standard number 82-311.6(460)
100 1# - MAIN ENTRY--PERSONAL NAME
Personal name Dueñas, María,
Relator term autor
245 14 - TITLE STATEMENT
Title Las hijas del Capitán /
Statement of responsibility, etc. María Dueñas.
250 ## - EDITION STATEMENT
Edition statement 1a ed.
260 ## - PUBLICATION, DISTRIBUTION, ETC.
Place of publication, distribution, etc. Buenos Aires :
Name of publisher, distributor, etc. Planeta,
Date of publication, distribution, etc. 2018.
300 ## - PHYSICAL DESCRIPTION
Extent 624 p. ;
Other physical details 23 cm.
490 0# - SERIES STATEMENT
Series statement Autores Españoles e Iberoamericanos
520 3# - SUMMARY, ETC.
Summary, etc. Nueva York, 1936. La pequeña casa de comidas El Capitán arranca su andadura en la calle Catorce, uno de los enclaves de la colonia española que por entonces reside en la ciudad. La muerte accidental de su dueño, el tarambana Emilio Arenas, obliga a sus indomables hijas veinteañeras a tomar las riendas del negocio mientras en los tribunales se resuelve el cobro de una prometedora indemnización. Abatidas y acosadas por la urgente necesidad de sobrevivir, las temperamentales Victoria, Mona y Luz Arenas se abrirán paso entre rascacielos, compatriotas, adversidades y amores, decididas a convertir un sueño en realidad. Con una lectura tan ágil y envolvente como conmovedora, Las hijas del Capitán despliega la historia de tres jóvenes españolas que se vieron obligadas a cruzar un océano, se asentaron en una urbe deslumbrante y lucharon con arrojo para encontrar su camino. Un tributo a las mujeres que resisten cuando los vientos soplan en contra y un homenaje a todos aquellos valientes que vivieron —y viven— la aventura, a menudo épica y casi siempre incierta, de la emigración.
650 #7 - SUBJECT ADDED ENTRY--TOPICAL TERM
Source of heading or term embne
Topical term or geographic name entry element Literatura española
655 #7 - INDEX TERM--GENRE/FORM
Source of term embne
Genre/form data or focus term Novelas históricas
942 ## - ADDED ENTRY ELEMENTS (KOHA)
Source of classification or shelving scheme Universal Decimal Classification
Koha item type Obra General
Suppress in OPAC No
Existencias
Withdrawn status Lost status Source of classification or shelving scheme Damaged status Not for loan Collection Home library Current library Date acquired Source of acquisition Total checkouts Full call number Barcode Date last seen Price effective from Koha item type
    Universal Decimal Classification     Colección General Biblioteca Escuela de Ciencias Sociales Biblioteca Escuela de Ciencias Sociales 31/07/2024 Donación 2024   82-311.6(460) D852 001078 31/07/2024 31/07/2024 Obra General
Biblioteca de la Escuela Preuniversitaria en Ciencias Sociales y Humanísticas.
Riobamba 250 bis.
CP 2000 - Rosario - Santa Fe
E-Mail: biblioteca@esociales.unr.edu.ar